[Event "Eliminacje Strefowe do MPJ WP+ZP - C-13"]
[Site "Skorzecin"]
[Date "2018.09.28"]
[Round "7.4"]
[White "Ullrich, Karol"]
[Black "Wojdak, Jan"]
[Result "1/2-1/2"]
[BlackElo "1848"]
[WhiteElo "1330"]
[LiveChessVersion "1.4.8"]

1. e4 {[%clk 1:30:59]} c5 {[%clk 1:29:23]} 2. Nf3 {[%clk 1:31:24]} Nc6
{[%clk 1:29:35]} 3. d4 {[%clk 1:31:47]} cxd4 {[%clk 1:29:36]} 4. Nxd4
{[%clk 1:32:09]} Nf6 {[%clk 1:29:39]} 5. Nc3 {[%clk 1:32:27]} d6 {[%clk 1:30:04]}
6. Bc4 {[%clk 1:32:11]} e6 {[%clk 1:30:05]} 7. O-O {[%clk 1:31:39]} Be7
{[%clk 1:30:28]} 8. Bg5 {[%clk 1:26:27]} O-O {[%clk 1:30:31]} 9. Kh1
{[%clk 1:25:32]} h6 {[%clk 1:27:21]} 10. Bh4 {[%clk 1:25:42]} a6 {[%clk 1:25:55]}
11. f4 {[%clk 1:23:09]} Qc7 {[%clk 1:22:43]} 12. Bg3 {[%clk 1:18:24]} b5
{[%clk 1:21:16]} 13. Be2 {[%clk 1:17:21]} b4 {[%clk 1:20:22]} 14. Nxc6
{[%clk 1:10:26]} Qxc6 {[%clk 1:18:42]} 15. e5 {[%clk 1:10:18]} bxc3
{[%clk 1:17:45]} 16. exf6 {[%clk 1:10:42]} Bxf6 {[%clk 1:18:12]} 17. b3
{[%clk 1:07:30]} d5 {[%clk 1:17:27]} 18. Bf3 {[%clk 1:07:26]} Bb7
{[%clk 1:17:21]} 19. Bf2 {[%clk 1:07:23]} Rac8 {[%clk 1:16:23]} 20. Bd4
{[%clk 1:07:36]} Bxd4 {[%clk 1:15:57]} 21. Qxd4 {[%clk 1:08:01]} Qc5
{[%clk 1:15:53]} 22. Qe5 {[%clk 1:04:12]} Rfe8 {[%clk 1:15:17]} 23. Rfe1
{[%clk 1:02:51]} Qe7 {[%clk 1:12:06]} 24. f5 {[%clk 1:02:00]} Qf6
{[%clk 1:12:21]} 25. fxe6 {[%clk 1:01:51]} Qxe5 {[%clk 1:10:38]} 26. Rxe5
{[%clk 1:02:07]} Rxe6 {[%clk 1:10:17]} 27. Rh5 {[%clk 1:00:56]} Rce8
{[%clk 1:10:20]} 28. Kg1 {[%clk 1:00:51]} Re1+ {[%clk 1:10:14]} 29. Rxe1
{[%clk 1:01:12]} Rxe1+ {[%clk 1:10:41]} 30. Kf2 {[%clk 1:01:35]} Rc1
{[%clk 1:10:53]} 31. Bxd5 {[%clk 1:01:04]} Rxc2+ {[%clk 1:10:58]} 32. Kg3
{[%clk 1:01:02]} Bxd5 {[%clk 1:11:14]} 33. Rxd5 {[%clk 1:01:28]} Rxa2
{[%clk 1:11:42]} 34. Rc5 {[%clk 1:01:47]} c2 {[%clk 1:11:57]} 35. Rc8+
{[%clk 1:00:45]} Kh7 36. h3 {[%clk 0:59:50]} Rb2 {[%clk 1:12:47]} 37. Kh2
{[%clk 1:00:07]} a5 {[%clk 1:12:50]} 38. Rc3 {[%clk 1:00:21]} Rxb3
{[%clk 1:13:13]} 39. Rxc2 {[%clk 1:00:44]} a4 {[%clk 1:13:41]} 40. Rc7
{[%clk 1:00:55]} Kg6 {[%clk 1:13:59]} 41. Ra7 {[%clk 1:01:19]} a3
{[%clk 1:14:25]} 42. Ra6+ {[%clk 1:01:31]} f6 {[%clk 1:14:09]} 43. Ra7
{[%clk 1:01:56]} f5 {[%clk 1:14:10]} 44. h4 {[%clk 1:01:55]} h5 {[%clk 1:12:46]}
45. Ra6+ {[%clk 1:02:09]} Kf7 {[%clk 1:12:50]} 46. Ra7+ {[%clk 1:01:52]} Kf6
{[%clk 1:13:15]} 47. Ra6+ {[%clk 1:02:18]} Kf7 {[%clk 1:12:33]} 48. Ra7+
{[%clk 1:02:40]} Kg6 {[%clk 1:12:58]} 49. Ra6+ {[%clk 1:02:48]} Kh7
{[%clk 1:13:24]} 50. Ra5 {[%clk 1:02:29]} g6 {[%clk 1:13:46]} 51. Ra7+
{[%clk 1:02:43]} Kh6 {[%clk 1:14:10]} 52. Ra6 {[%clk 1:03:05]} f4
{[%clk 1:14:17]} 53. Ra4 {[%clk 1:03:13]} f3 {[%clk 1:14:34]} 54. gxf3
{[%clk 1:03:32]} Rxf3 {[%clk 1:15:01]} 55. Kg2 {[%clk 1:03:48]} Rb3
{[%clk 1:15:25]} 56. Ra7 {[%clk 1:02:34]} Rb2+ {[%clk 1:15:16]} 57. Kg3
{[%clk 1:02:45]} Rb3+ {[%clk 1:09:14]} 58. Kg2 {[%clk 1:03:07]} Re3
{[%clk 1:09:25]} 59. Kh2 {[%clk 1:02:41]} Re2+ {[%clk 1:08:46]} 60. Kg3
{[%clk 1:02:45]} Re6 {[%clk 1:07:21]} 61. Rxa3 {[%clk 1:02:14]} Kg7
{[%clk 1:07:48]} 62. Rf3 {[%clk 0:59:56]} Re4 {[%clk 1:07:57]} 63. Kh3
{[%clk 0:59:00]} Re5 {[%clk 1:08:22]} 64. Kg3 {[%clk 0:57:14]} Rf5
{[%clk 1:08:45]} 65. Re3 {[%clk 0:57:24]} Kf6 {[%clk 1:09:11]} 66. Re8
{[%clk 0:57:04]} Re5 {[%clk 1:09:19]} 67. Rf8+ {[%clk 0:57:29]} Ke6
{[%clk 1:09:37]} 68. Rf3 {[%clk 0:54:28]} Kd5 {[%clk 1:09:53]} 69. Rf6
{[%clk 0:53:38]} Re6 {[%clk 1:10:19]} 70. Rxe6 {[%clk 0:51:58]} Kxe6
{[%clk 1:10:44]} 71. Kf4 {[%clk 0:52:21]} Kf6 {[%clk 1:11:05]} 72. Ke4
{[%clk 0:52:47]} Ke6 {[%clk 1:11:21]} 1/2-1/2

[Event "Eliminacje Strefowe do MPJ WP+ZP - C-13"]
[Site "Skorzecin"]
[Date "2018.09.29"]
[Round "8.1"]
[White "Kossowski, Pawel"]
[Black "Ochedzan, Tymon"]
[Result "0-1"]
[BlackElo "1890"]
[WhiteElo "1506"]
[LiveChessVersion "1.4.8"]

1. e4 {[%clk 1:30:43]} c5 {[%clk 1:30:52]} 2. Nf3 {[%clk 1:30:22]} d6
{[%clk 1:30:58]} 3. d4 {[%clk 1:30:09]} cxd4 {[%clk 1:31:16]} 4. Nxd4
{[%clk 1:30:24]} Nf6 {[%clk 1:31:35]} 5. Nc3 {[%clk 1:30:08]} a6 {[%clk 1:31:20]}
6. Be3 {[%clk 1:30:08]} e5 {[%clk 1:30:50]} 7. Nb3 {[%clk 1:29:57]} Be6
{[%clk 1:30:15]} 8. f3 {[%clk 1:29:30]} Be7 {[%clk 1:29:35]} 9. Qd2
{[%clk 1:28:42]} O-O {[%clk 1:29:00]} 10. O-O-O {[%clk 1:28:55]} a5
{[%clk 1:27:21]} 11. Qe1 {[%clk 1:28:06]} Qc8 {[%clk 1:20:40]} 12. a3
{[%clk 1:25:41]} a4 {[%clk 1:16:04]} 13. Nd2 {[%clk 1:25:40]} d5 {[%clk 1:09:19]}
14. exd5 {[%clk 1:22:15]} Nxd5 {[%clk 1:07:22]} 15. Nxd5 {[%clk 1:21:12]} Bxd5
{[%clk 1:06:57]} 16. Ne4 {[%clk 1:18:40]} Bxe4 {[%clk 1:03:35]} 17. fxe4
{[%clk 1:17:24]} Qc6 {[%clk 1:01:46]} 18. Rd5 {[%clk 1:12:19]} Qg6
{[%clk 0:50:37]} 19. Rxe5 {[%clk 1:06:25]} Nc6 {[%clk 0:48:36]} 20. Rf5
{[%clk 1:05:54]} Qe6 {[%clk 0:45:07]} 21. Bd3 {[%clk 0:59:48]} Rfd8
{[%clk 0:41:16]} 22. Kb1 {[%clk 0:54:53]} Ne5 {[%clk 0:40:10]} 23. Bb5
{[%clk 0:42:46]} Rac8 {[%clk 0:39:26]} 24. Rhf1 {[%clk 0:29:26]} Nc4
{[%clk 0:36:54]} 25. Bxa4 {[%clk 0:24:09]} Bxa3 {[%clk 0:18:54]} 26. Bc1
{[%clk 0:18:11]} Bxb2 {[%clk 0:16:16]} 27. Bxb2 {[%clk 0:14:12]} Nd2+
{[%clk 0:14:20]} 28. Kc1 {[%clk 0:12:04]} Qa2 {[%clk 0:13:55]} 29. Rd5
{[%clk 0:11:02]} Nc4 {[%clk 0:07:01]} 30. Rxd8+ {[%clk 0:09:59]} Rxd8
{[%clk 0:07:25]} 31. Qc3 {[%clk 0:10:20]} Nxb2 {[%clk 0:07:24]} 32. Qxb2
{[%clk 0:08:42]} Qxa4 {[%clk 0:07:41]} 33. Qxb7 {[%clk 0:08:26]} Qa1+
{[%clk 0:06:37]} 34. Qb1 {[%clk 0:08:50]} Qa3+ {[%clk 0:06:03]} 35. Qb2
{[%clk 0:07:57]} Qe3+ {[%clk 0:05:42]} 36. Kb1 {[%clk 0:08:06]} Qe2
{[%clk 0:05:35]} 37. Rc1 {[%clk 0:05:37]} Qxe4 {[%clk 0:05:20]} 38. Qb6
{[%clk 0:05:10]} Qe8 {[%clk 0:04:46]} 39. Qc5 {[%clk 0:04:21]} Rb8+
{[%clk 0:03:11]} 40. Ka2 {[%clk 0:04:46]} Qa4+ {[%clk 0:02:38]} 41. Qa3
{[%clk 0:05:11]} Qc4+ {[%clk 0:03:02]} 42. Ka1 {[%clk 0:05:35]} Qc6
{[%clk 0:02:58]} 43. c4 {[%clk 0:03:54]} Ra8 {[%clk 0:03:08]} 44. Qxa8+
{[%clk 0:03:54]} Qxa8+ {[%clk 0:03:34]} 45. Kb1 {[%clk 0:04:19]} Qxg2
{[%clk 0:03:33]} 46. c5 {[%clk 0:04:43]} Qc6 {[%clk 0:03:54]} 47. Rc2
{[%clk 0:04:49]} Kf8 {[%clk 0:04:13]} 48. Kc1 {[%clk 0:05:04]} Ke7
{[%clk 0:04:26]} 49. Re2+ {[%clk 0:04:52]} Kd7 {[%clk 0:04:48]} 50. Rd2+
{[%clk 0:05:16]} Kc7 {[%clk 0:05:11]} 51. Rc2 {[%clk 0:05:41]} Qh1+
{[%clk 0:05:30]} 52. Kb2 {[%clk 0:06:05]} Kc6 {[%clk 0:05:50]} 53. Ka2
{[%clk 0:05:55]} f5 {[%clk 0:06:08]} 54. Kb2 {[%clk 0:05:53]} f4 {[%clk 0:06:31]}
55. Ka2 {[%clk 0:06:16]} f3 {[%clk 0:06:54]} 56. Kb2 {[%clk 0:06:38]} Qg2
{[%clk 0:07:15]} 0-1

[Event "Eliminacje Strefowe do MPJ WP+ZP - C-13"]
[Site "Skorzecin"]
[Date "2018.09.29"]
[Round "8.2"]
[White "Rosenfeld, Noe"]
[Black "Luczak, Filip"]
[Result "0-1"]
[BlackElo "2095"]
[WhiteElo "1306"]
[LiveChessVersion "1.4.8"]

1. b4 {[%clk 1:30:57]} e5 {[%clk 1:29:01]} 2. a3 {[%clk 1:31:13]} Nf6
{[%clk 1:26:23]} 3. Bb2 {[%clk 1:31:05]} d6 {[%clk 1:26:27]} 4. Nf3
{[%clk 1:30:59]} g6 {[%clk 1:24:58]} 5. e3 {[%clk 1:30:25]} Bg7 {[%clk 1:25:03]}
6. c4 {[%clk 1:29:05]} e4 {[%clk 1:21:37]} 7. Nd4 {[%clk 1:29:07]} O-O
{[%clk 1:19:53]} 8. Nc3 {[%clk 1:27:30]} Nbd7 {[%clk 1:17:49]} 9. f4
{[%clk 1:17:26]} exf3 {[%clk 1:15:24]} 10. Nxf3 {[%clk 1:17:44]} Ne5
{[%clk 1:14:26]} 11. Be2 {[%clk 1:09:55]} Bf5 {[%clk 1:11:03]} 12. Nxe5
{[%clk 1:09:14]} dxe5 {[%clk 1:11:27]} 13. d3 {[%clk 1:08:28]} Ng4
{[%clk 1:05:11]} 14. Bxg4 {[%clk 1:05:39]} Qh4+ {[%clk 1:05:35]} 15. g3
{[%clk 1:06:03]} Qxg4 {[%clk 1:06:00]} 16. O-O {[%clk 1:02:40]} Qg5
{[%clk 0:59:33]} 17. Qe2 {[%clk 0:57:16]} Rad8 {[%clk 0:53:44]} 18. Ne4
{[%clk 0:50:10]} Bxe4 {[%clk 0:52:35]} 19. dxe4 {[%clk 0:50:34]} Rd7
{[%clk 0:48:41]} 20. Rad1 {[%clk 0:48:13]} Rfd8 {[%clk 0:49:00]} 21. Rxd7
{[%clk 0:48:41]} Rxd7 {[%clk 0:49:22]} 22. c5 {[%clk 0:47:06]} h5
{[%clk 0:44:45]} 23. Kg2 {[%clk 0:40:57]} c6 {[%clk 0:35:02]} 24. Kg1
{[%clk 0:40:32]} Bh6 {[%clk 0:32:57]} 25. Re1 {[%clk 0:38:05]} Kg7
{[%clk 0:26:04]} 26. Kh1 {[%clk 0:35:49]} f6 {[%clk 0:25:07]} 27. Kg2
{[%clk 0:34:17]} Kf8 {[%clk 0:22:24]} 28. Bc1 {[%clk 0:33:55]} Qg4
{[%clk 0:17:27]} 29. Qc4 {[%clk 0:29:28]} Ke7 {[%clk 0:16:07]} 30. Qc2
{[%clk 0:26:45]} h4 {[%clk 0:15:29]} 31. Rf1 {[%clk 0:22:30]} Bg5
{[%clk 0:14:43]} 32. a4 {[%clk 0:20:30]} Rd8 {[%clk 0:13:29]} 33. b5
{[%clk 0:19:32]} hxg3 {[%clk 0:12:49]} 34. h3 {[%clk 0:17:44]} Qd7
{[%clk 0:12:26]} 35. bxc6 {[%clk 0:17:25]} bxc6 {[%clk 0:12:02]} 36. Kxg3
{[%clk 0:17:41]} Qd3 {[%clk 0:08:24]} 37. Qxd3 {[%clk 0:09:37]} Rxd3
{[%clk 0:08:53]} 38. h4 {[%clk 0:08:29]} Bxe3 {[%clk 0:07:29]} 39. Rf3
{[%clk 0:08:30]} Bf4+ {[%clk 0:07:46]} 40. Bxf4 {[%clk 0:07:58]} exf4+
{[%clk 0:08:11]} 41. Kxf4 {[%clk 0:08:16]} Rxf3+ {[%clk 0:06:56]} 42. Kxf3
{[%clk 0:08:42]} Ke6 {[%clk 0:07:17]} 43. Ke2 {[%clk 0:06:15]} Ke5
{[%clk 0:07:24]} 44. Ke3 {[%clk 0:05:58]} a5 {[%clk 0:06:45]} 45. Kd3
{[%clk 0:05:41]} f5 {[%clk 0:05:03]} 46. exf5 {[%clk 0:05:52]} Kxf5
{[%clk 0:05:23]} 47. Kd4 {[%clk 0:05:56]} Kf4 {[%clk 0:05:26]} 48. Kd3
{[%clk 0:05:03]} Ke5 {[%clk 0:03:46]} 49. Ke3 {[%clk 0:04:28]} Kd5
{[%clk 0:04:13]} 50. Kf4 {[%clk 0:04:46]} Kxc5 {[%clk 0:04:41]} 51. Kg5
{[%clk 0:05:04]} Kb4 {[%clk 0:05:01]} 52. Kxg6 {[%clk 0:05:29]} c5
{[%clk 0:05:24]} 53. h5 {[%clk 0:05:51]} c4 {[%clk 0:05:52]} 54. h6
{[%clk 0:06:15]} c3 {[%clk 0:06:18]} 55. h7 {[%clk 0:06:25]} c2 {[%clk 0:06:47]}
56. h8=Q {[%clk 0:06:43]} c1=Q {[%clk 0:07:15]} 57. Qd4+ {[%clk 0:06:19]} Qc4
{[%clk 0:06:59]} 58. Qb2+ {[%clk 0:05:45]} Kxa4 {[%clk 0:07:21]} 59. Qa1+
{[%clk 0:06:05]} Kb4 {[%clk 0:06:46]} 60. Qb2+ {[%clk 0:06:01]} Kc5
{[%clk 0:06:53]} 61. Qa3+ {[%clk 0:06:07]} Kb6 {[%clk 0:06:13]} 62. Qb2+
{[%clk 0:06:20]} Qb5 {[%clk 0:06:06]} 63. Qd4+ {[%clk 0:05:43]} Ka6
{[%clk 0:06:27]} 64. Kh7 {[%clk 0:05:38]} Qb7+ {[%clk 0:06:51]} 65. Kg8
{[%clk 0:05:46]} Qb8+ {[%clk 0:07:13]} 66. Kh7 {[%clk 0:06:00]} Qa7+
{[%clk 0:07:40]} 67. Qxa7+ {[%clk 0:05:35]} Kxa7 {[%clk 0:08:09]} 68. Kg6
{[%clk 0:05:58]} a4 {[%clk 0:08:30]} 69. Kf5 {[%clk 0:06:21]} a3 {[%clk 0:08:57]}
70. Ke4 {[%clk 0:06:46]} a2 {[%clk 0:09:18]} 71. Kd3 {[%clk 0:07:10]} a1=Q
{[%clk 0:09:46]} 72. Kc2 {[%clk 0:07:39]} Qd4 {[%clk 0:10:03]} 73. Kb3
{[%clk 0:07:56]} Kb6 {[%clk 0:10:29]} 74. Ka3 {[%clk 0:08:17]} Kb5
{[%clk 0:10:53]} 75. Ka2 {[%clk 0:08:19]} Kb4 {[%clk 0:11:12]} 76. Kb1
{[%clk 0:08:41]} Qd2 {[%clk 0:11:35]} 77. Ka1 {[%clk 0:08:59]} Kb3
{[%clk 0:11:59]} 78. Kb1 {[%clk 0:09:22]} Qb2# {[%clk 0:12:26]} 0-1

[Event "Eliminacje Strefowe do MPJ WP+ZP - C-13"]
[Site "Skorzecin"]
[Date "2018.09.29"]
[Round "8.3"]
[White "Katny, Samuel"]
[Black "Mozdzanowski, Filip"]
[Result "0-1"]
[BlackElo "1474"]
[WhiteElo "1357"]
[LiveChessVersion "1.4.8"]

1. e4 {[%clk 1:30:51]} d6 {[%clk 1:30:56]} 2. Nf3 {[%clk 1:31:00]} Nf6
{[%clk 1:31:21]} 3. Nc3 {[%clk 1:31:20]} g6 {[%clk 1:31:47]} 4. Bc4
{[%clk 1:29:56]} Bg7 {[%clk 1:32:09]} 5. d3 {[%clk 1:28:46]} O-O {[%clk 1:32:06]}
6. Bg5 {[%clk 1:26:19]} h6 {[%clk 1:29:41]} 7. Bxf6 {[%clk 1:24:14]} Bxf6
{[%clk 1:28:41]} 8. Qd2 {[%clk 1:19:20]} Bg7 {[%clk 1:28:49]} 9. h3
{[%clk 1:11:41]} c6 {[%clk 1:24:15]} 10. Bb3 {[%clk 1:11:03]} Nd7
{[%clk 1:23:34]} 11. g4 {[%clk 1:10:14]} e5 {[%clk 1:23:15]} 12. O-O-O
{[%clk 1:05:06]} b5 {[%clk 1:16:53]} 13. a3 {[%clk 1:02:49]} a5 {[%clk 1:12:40]}
14. h4 {[%clk 0:58:06]} Nc5 {[%clk 1:10:07]} 15. g5 {[%clk 0:55:00]} h5
{[%clk 1:09:21]} 16. Nh2 {[%clk 0:46:22]} Nxb3+ {[%clk 1:07:30]} 17. cxb3
{[%clk 0:46:41]} Be6 {[%clk 1:07:23]} 18. Qc2 {[%clk 0:45:58]} Qb6
{[%clk 1:06:22]} 19. Nb1 {[%clk 0:44:00]} a4 {[%clk 1:03:42]} 20. bxa4
{[%clk 0:44:08]} bxa4 {[%clk 1:03:12]} 21. Rd2 {[%clk 0:43:46]} Bb3
{[%clk 1:02:35]} 22. Qc3 {[%clk 0:44:05]} Rab8 {[%clk 1:02:48]} 23. Re2
{[%clk 0:43:47]} d5 {[%clk 1:00:49]} 24. Kd2 {[%clk 0:41:02]} dxe4
{[%clk 0:58:05]} 25. Rxe4 {[%clk 0:39:51]} Qxf2+ {[%clk 0:57:20]} 26. Kc1
{[%clk 0:40:04]} Bd5 {[%clk 0:52:54]} 27. Qc2 {[%clk 0:36:43]} Qb6
{[%clk 0:51:13]} 28. Rhe1 Bxe4 {[%clk 0:50:59]} 29. dxe4 {[%clk 0:32:21]} Qa5
{[%clk 0:37:26]} 30. Nc3 {[%clk 0:32:01]} Rb3 31. Nf3 {[%clk 0:30:37]} Rfb8
{[%clk 0:33:51]} 32. Nd2 {[%clk 0:29:09]} Rxb2 {[%clk 0:27:59]} 33. Qxb2
{[%clk 0:29:29]} Rxb2 {[%clk 0:28:25]} 34. Kxb2 {[%clk 0:29:53]} Bf8
{[%clk 0:26:45]} 35. Ndb1 {[%clk 0:25:48]} Qb6+ {[%clk 0:26:32]} 36. Kc1
{[%clk 0:25:03]} Qb3 {[%clk 0:26:19]} 37. Kd2 {[%clk 0:23:13]} Bxa3
{[%clk 0:24:33]} 38. Nxa3 {[%clk 0:21:32]} Qxa3 {[%clk 0:24:58]} 39. Rb1
{[%clk 0:21:38]} Qc5 {[%clk 0:24:57]} 40. Rf1 {[%clk 0:18:35]} a3
{[%clk 0:24:39]} 41. Kc2 {[%clk 0:18:11]} a2 {[%clk 0:21:53]} 42. Kb3
{[%clk 0:18:00]} Qe3 {[%clk 0:21:49]} 43. Kb2 {[%clk 0:17:42]} Qg3
{[%clk 0:21:47]} 44. Rf6 {[%clk 0:16:36]} a1=Q+ {[%clk 0:21:59]} 45. Kxa1
{[%clk 0:16:47]} Qxc3+ {[%clk 0:22:17]} 46. Kb1 {[%clk 0:17:05]} Qd3+
{[%clk 0:22:34]} 47. Kb2 {[%clk 0:17:25]} c5 {[%clk 0:23:00]} 48. Kc1
{[%clk 0:17:25]} c4 {[%clk 0:23:16]} 49. Rf2 {[%clk 0:16:53]} c3 {[%clk 0:23:38]}
50. Ra2 {[%clk 0:13:23]} Qxe4 {[%clk 0:23:20]} 51. Ra3 {[%clk 0:12:41]} Qe1+
{[%clk 0:23:32]} 52. Kc2 {[%clk 0:13:00]} Qd2+ {[%clk 0:23:54]} 53. Kb3
{[%clk 0:13:26]} Qb2+ {[%clk 0:24:10]} 54. Ka4 {[%clk 0:12:38]} c2
{[%clk 0:24:16]} 55. Rb3 {[%clk 0:12:43]} Qa2+ {[%clk 0:24:37]} 56. Kb4
{[%clk 0:11:33]} c1=Q {[%clk 0:24:49]} 57. Rc3 {[%clk 0:11:38]} Qab2+
{[%clk 0:25:10]} 58. Rb3 {[%clk 0:12:06]} Qd4+ {[%clk 0:25:25]} 59. Ka5
{[%clk 0:12:09]} Qcc5+ {[%clk 0:25:43]} 60. Ka6 {[%clk 0:12:00]} Qa7+
{[%clk 0:25:55]} 61. Kb5 {[%clk 0:12:08]} Qdc5# 0-1

[Event "Eliminacje Strefowe do MPJ WP+ZP - C-13"]
[Site "Skorzecin"]
[Date "2018.09.29"]
[Round "8.4"]
[White "Wojdak, Jan"]
[Black "Lokaj, Bartlomiej"]
[Result "1/2-1/2"]
[BlackElo "1485"]
[WhiteElo "1848"]
[LiveChessVersion "1.4.8"]

1. c4 {[%clk 1:30:50]} Nf6 {[%clk 1:30:43]} 2. g3 {[%clk 1:31:15]} e6
{[%clk 1:31:00]} 3. Bg2 {[%clk 1:30:28]} d5 {[%clk 1:30:59]} 4. d4
{[%clk 1:29:14]} Bb4+ {[%clk 1:27:54]} 5. Bd2 {[%clk 1:24:20]} Bxd2+
{[%clk 1:28:16]} 6. Nxd2 {[%clk 1:24:43]} O-O {[%clk 1:28:16]} 7. Ngf3
{[%clk 1:21:08]} Nc6 {[%clk 1:24:21]} 8. e3 {[%clk 1:20:42]} b6 {[%clk 1:23:15]}
9. O-O {[%clk 1:18:48]} Bb7 {[%clk 1:22:27]} 10. Rc1 {[%clk 1:16:13]} Rb8
{[%clk 1:16:27]} 11. b3 {[%clk 1:10:48]} Qe7 {[%clk 1:06:11]} 12. cxd5
{[%clk 1:07:37]} exd5 {[%clk 1:03:21]} 13. Qc2 {[%clk 1:05:49]} Rfc8
{[%clk 0:53:44]} 14. Bh3 {[%clk 1:05:51]} Nb4 {[%clk 0:53:49]} 15. Qb1
{[%clk 0:59:24]} Re8 {[%clk 0:40:03]} 16. a3 {[%clk 0:59:14]} Na6
{[%clk 0:38:46]} 17. b4 {[%clk 0:59:15]} c5 {[%clk 0:38:20]} 18. b5
{[%clk 0:52:01]} Nc7 {[%clk 0:38:35]} 19. Ne5 {[%clk 0:48:27]} c4
{[%clk 0:34:35]} 20. Rc3 {[%clk 0:47:18]} Ne6 {[%clk 0:34:00]} 21. Bg2
{[%clk 0:33:03]} Nd7 {[%clk 0:32:12]} 22. Ndf3 {[%clk 0:24:40]} Nxe5
{[%clk 0:31:25]} 23. Nxe5 {[%clk 0:25:07]} f6 {[%clk 0:31:44]} 24. Nf3
{[%clk 0:23:40]} Nc7 {[%clk 0:27:01]} 25. Nd2 {[%clk 0:21:35]} a6
{[%clk 0:26:34]} 26. bxa6 {[%clk 0:21:35]} Bxa6 {[%clk 0:26:58]} 27. a4
{[%clk 0:14:17]} Qd7 {[%clk 0:23:59]} 28. e4 {[%clk 0:11:10]} b5 {[%clk 0:24:10]}
29. exd5 {[%clk 0:10:28]} b4 {[%clk 0:23:57]} 30. Rxc4 {[%clk 0:10:45]} Bxc4
{[%clk 0:24:07]} 31. Nxc4 {[%clk 0:11:10]} Nxd5 {[%clk 0:24:08]} 32. Qb3
{[%clk 0:11:06]} Kh8 {[%clk 0:22:29]} 33. Na5 {[%clk 0:11:10]} Red8
{[%clk 0:17:32]} 34. Re1 {[%clk 0:09:45]} Ra8 {[%clk 0:12:49]} 35. Nc4
{[%clk 0:10:03]} Re8 {[%clk 0:08:26]} 36. Ne3 {[%clk 0:08:13]} Ra5
{[%clk 0:06:31]} 37. Ra1 {[%clk 0:05:52]} Nxe3 {[%clk 0:04:30]} 38. fxe3
{[%clk 0:06:07]} Qe7 {[%clk 0:04:25]} 39. e4 {[%clk 0:06:10]} Qd6
{[%clk 0:04:18]} 40. Rd1 {[%clk 0:03:09]} Rd8 {[%clk 0:01:26]} 41. d5
{[%clk 0:01:54]} Rda8 {[%clk 0:01:16]} 42. Ra1 {[%clk 0:01:27]} Qc5+
{[%clk 0:00:56]} 43. Kf1 {[%clk 0:01:16]} Qd4 {[%clk 0:00:43]} 44. Rc1
{[%clk 0:01:35]} h6 {[%clk 0:00:45]} 45. d6 {[%clk 0:00:41]} Rxa4
{[%clk 0:00:33]} 46. Qd5 {[%clk 0:00:34]} Qxd5 {[%clk 0:00:40]} 47. exd5
{[%clk 0:01:01]} Rd8 {[%clk 0:00:37]} 48. Rc6 {[%clk 0:01:26]} b3
{[%clk 0:00:37]} 49. Rb6 {[%clk 0:01:50]} b2 {[%clk 0:00:33]} 50. Rxb2
{[%clk 0:02:13]} Rxd6 {[%clk 0:00:52]} 51. Ke2 {[%clk 0:02:26]} Kh7
{[%clk 0:01:05]} 52. Ke3 {[%clk 0:02:15]} f5 {[%clk 0:01:20]} 53. Rd2
{[%clk 0:01:32]} Kg6 {[%clk 0:01:27]} 54. Bf3 {[%clk 0:00:53]} Kf6
{[%clk 0:01:08]} 55. Kf2 {[%clk 0:00:45]} Ra3 {[%clk 0:00:34]} 56. Bg2
{[%clk 0:01:01]} Ra5 {[%clk 0:00:35]} 57. Rc2 {[%clk 0:00:34]} Rb5
{[%clk 0:00:33]} 58. Bf3 {[%clk 0:00:39]} Ra5 {[%clk 0:00:36]} 59. Rb2
{[%clk 0:00:35]} Rc5 {[%clk 0:00:33]} 60. h3 {[%clk 0:00:39]} g5 {[%clk 0:00:34]}
61. Re2 {[%clk 0:00:35]} Rc3 {[%clk 0:00:38]} 62. Rd2 {[%clk 0:00:43]} Ke5
{[%clk 0:00:34]} 63. Re2+ {[%clk 0:01:12]} Kd4 {[%clk 0:00:40]} 64. Ra2
{[%clk 0:01:19]} Ke5 {[%clk 0:00:36]} 65. Re2+ {[%clk 0:01:47]} Kf6
{[%clk 0:00:38]} 66. Rd2 {[%clk 0:02:11]} Ke5 {[%clk 0:00:34]} 67. Re2+ 1/2-1/2

[Event "Eliminacje Strefowe do MPJ WP+ZP - C-13"]
[Site "Skorzecin"]
[Date "2018.09.30"]
[Round "9.1"]
[White "Ochedzan, Tymon"]
[Black "Mozdzanowski, Filip"]
[Result "1-0"]
[BlackElo "1474"]
[WhiteElo "1890"]
[LiveChessVersion "1.4.8"]

1. e4 {[%clk 1:30:58]} d6 {[%clk 1:28:01]} 2. d4 {[%clk 1:31:20]} Nf6
{[%clk 1:28:27]} 3. Nc3 {[%clk 1:31:44]} g6 {[%clk 1:28:53]} 4. Bg5
{[%clk 1:30:52]} Bg7 {[%clk 1:28:46]} 5. Qd2 {[%clk 1:30:55]} O-O
{[%clk 1:26:39]} 6. O-O-O {[%clk 1:30:04]} Nc6 {[%clk 1:22:05]} 7. h4
{[%clk 1:27:03]} h5 {[%clk 1:21:58]} 8. f3 {[%clk 1:18:38]} e5 {[%clk 1:20:16]}
9. d5 {[%clk 1:17:02]} Ne7 {[%clk 1:20:04]} 10. Be2 {[%clk 1:11:28]} a6
{[%clk 1:15:46]} 11. g4 {[%clk 1:09:10]} Kh7 {[%clk 1:13:51]} 12. Nh3
{[%clk 1:05:04]} Ne8 {[%clk 1:08:34]} 13. Rdg1 {[%clk 1:02:18]} f6
{[%clk 1:06:39]} 14. Be3 {[%clk 1:01:24]} f5 {[%clk 0:57:31]} 15. gxf5
{[%clk 0:59:14]} gxf5 {[%clk 0:57:03]} 16. exf5 {[%clk 0:51:18]} Nxf5
{[%clk 0:54:19]} 17. Rg5 {[%clk 0:46:07]} Nxe3 {[%clk 0:28:36]} 18. Rxh5+
{[%clk 0:45:23]} Kg8 {[%clk 0:28:34]} 19. Qxe3 {[%clk 0:44:48]} Nf6
{[%clk 0:28:10]} 20. Rg5 {[%clk 0:44:02]} Nh7 {[%clk 0:26:40]} 21. Rgg1
{[%clk 0:42:21]} Kh8 {[%clk 0:19:29]} 22. Ne4 {[%clk 0:40:26]} Bf5
{[%clk 0:18:15]} 23. Nhg5 {[%clk 0:37:51]} Nf6 {[%clk 0:16:16]} 24. Nxf6
{[%clk 0:32:04]} Qxf6 {[%clk 0:15:25]} 25. Bd3 {[%clk 0:30:40]} e4
{[%clk 0:12:05]} 26. Bxe4 {[%clk 0:28:36]} Qxb2+ {[%clk 0:12:07]} 27. Kd1
{[%clk 0:27:15]} Bd4 {[%clk 0:09:35]} 28. Qd3 {[%clk 0:18:52]} Bxg1
{[%clk 0:08:57]} 29. Bxf5 {[%clk 0:18:28]} Qf6 {[%clk 0:07:00]} 30. Bg4
{[%clk 0:16:19]} Qd4 {[%clk 0:05:58]} 31. Qxd4+ {[%clk 0:15:04]} Bxd4
{[%clk 0:06:23]} 32. Ne6 {[%clk 0:15:22]} Bg7 {[%clk 0:06:29]} 33. Nxf8
{[%clk 0:15:13]} Rxf8 {[%clk 0:06:54]} 34. Ke2 {[%clk 0:14:51]} Be5
{[%clk 0:06:32]} 35. Rb1 {[%clk 0:14:28]} b6 {[%clk 0:06:43]} 36. Rb4
{[%clk 0:14:18]} Rf4 {[%clk 0:06:31]} 37. Rxf4 {[%clk 0:12:57]} Bxf4
{[%clk 0:06:55]} 38. Kd3 {[%clk 0:13:08]} Kg7 {[%clk 0:06:41]} 39. Ke4
{[%clk 0:12:01]} Bh6 {[%clk 0:06:37]} 40. Kf5 {[%clk 0:11:24]} Be3
{[%clk 0:06:50]} 41. Ke6 {[%clk 0:10:48]} b5 {[%clk 0:03:44]} 42. h5
{[%clk 0:10:00]} Kh6 {[%clk 0:02:55]} 43. Kd7 {[%clk 0:09:08]} Bb6
{[%clk 0:02:52]} 44. f4 {[%clk 0:08:50]} a5 {[%clk 0:03:15]} 45. Ke7
{[%clk 0:08:31]} Bd4 {[%clk 0:02:03]} 46. f5 {[%clk 0:08:10]} Kg5
{[%clk 0:01:47]} 47. h6 {[%clk 0:07:09]} Kxh6 {[%clk 0:01:25]} 48. f6
{[%clk 0:07:13]} Kg5 {[%clk 0:01:44]} 49. f7 {[%clk 0:06:58]} Bg7
{[%clk 0:02:04]} 50. Bd7 {[%clk 0:05:52]} Kf4 {[%clk 0:01:31]} 51. Bxb5
{[%clk 0:05:17]} Ke5 {[%clk 0:01:55]} 52. c4 {[%clk 0:05:08]} 1-0